000 00655nam a2200217Ia 4500
003 BUBTL
008 151213s9999 xx 000 0 und d
020 _a0-07-061729-5
082 _a658.8/CHP
100 _a Chandra, Prasonna
_92773
245 _aProject Planning Analysis , Selection, Financing, Implementation and Review
_cPrasonna Chandra
250 _a6th
260 _aNew Delhi
_bTata mc Graw hill
_c2006
300 _axxi,22.26p.:
_b21cm.
_cManagement
650 _aManagement
_92774
650 _aManagement
_92774
700 _aPrasonna Chandra
_92775
856 _k0
_l0
_yDownload
942 _2ddc
_cBK
999 _c3110
_d3110